<?xml version="1.0" encoding="UTF-8"?>
<record
    xmlns:xsi="http://www.w3.org/2001/XMLSchema-instance"
    xsi:schemaLocation="http://www.loc.gov/MARC21/slim http://www.loc.gov/standards/marcxml/schema/MARC21slim.xsd"
    xmlns="http://www.loc.gov/MARC21/slim">

  <leader>00436nam a22001817a 4500</leader>
  <datafield tag="999" ind1=" " ind2=" ">
    <subfield code="c">290001</subfield>
    <subfield code="d">290001</subfield>
  </datafield>
  <controlfield tag="003">OSt</controlfield>
  <datafield tag="020" ind1=" " ind2=" ">
    <subfield code="a">9789354824357</subfield>
  </datafield>
  <datafield tag="082" ind1=" " ind2=" ">
    <subfield code="a">813.1</subfield>
    <subfield code="b">ANI/KA</subfield>
  </datafield>
  <datafield tag="100" ind1=" " ind2=" ">
    <subfield code="a">Anil Devassy</subfield>
  </datafield>
  <datafield tag="245" ind1=" " ind2=" ">
    <subfield code="a">Kasa Pilasa</subfield>
    <subfield code="b">/&#xD15;&#xD3E;&#xD38; &#xD2A;&#xD3F;&#xD32;&#xD3E;&#xD38;</subfield>
  </datafield>
  <datafield tag="260" ind1=" " ind2=" ">
    <subfield code="a">Kottayam</subfield>
    <subfield code="b">D C Books</subfield>
    <subfield code="c">2022</subfield>
  </datafield>
  <datafield tag="300" ind1=" " ind2=" ">
    <subfield code="a">376p.</subfield>
  </datafield>
  <datafield tag="500" ind1=" " ind2=" ">
    <subfield code="a">Kasa Pilasa
</subfield>
  </datafield>
  <datafield tag="500" ind1=" " ind2=" ">
    <subfield code="a">&#xD15;&#xD3E;&#xD38; &#xD2A;&#xD3F;&#xD32;&#xD3E;&#xD38;</subfield>
  </datafield>
  <datafield tag="546" ind1=" " ind2=" ">
    <subfield code="a">Malayalam</subfield>
  </datafield>
  <datafield tag="650" ind1=" " ind2=" ">
    <subfield code="a">Malayalam Novel</subfield>
  </datafield>
  <datafield tag="942" ind1=" " ind2=" ">
    <subfield code="2">ddc</subfield>
    <subfield code="c">BK</subfield>
  </datafield>
  <datafield tag="952" ind1=" " ind2=" ">
    <subfield code="0">0</subfield>
    <subfield code="1">0</subfield>
    <subfield code="2">ddc</subfield>
    <subfield code="4">0</subfield>
    <subfield code="7">0</subfield>
    <subfield code="8">Gen</subfield>
    <subfield code="a">KAUCLV</subfield>
    <subfield code="b">KAUCLV</subfield>
    <subfield code="c">GENERAL</subfield>
    <subfield code="d">2022-11-18</subfield>
    <subfield code="g">430.00</subfield>
    <subfield code="l">6</subfield>
    <subfield code="m">4</subfield>
    <subfield code="o">813.1 ANI/KA</subfield>
    <subfield code="p">232146</subfield>
    <subfield code="r">2026-05-23 16:21:56</subfield>
    <subfield code="s">2026-05-12</subfield>
    <subfield code="y">BK</subfield>
  </datafield>
</record>
